| 000 | 00786 a2200301 4500 | ||
|---|---|---|---|
| 260 | _aParis | ||
| 100 | _aDEVORE, Georges | ||
| 260 | _bVuibert | ||
| 245 | _aCours de chimie : chimie organique (mathématique spéciale, B et B' D. U. E. S.) à l'usage des candidats aux grandes écoles scientifiques et des étudiants du 1er cycle universitaire | ||
| 300 | _a294 p. | ||
| 650 | _aCHIMIE ORGANIQUE | ||
| 260 | _c1979 | ||
| 300 | _bfig. ; 24 cm | ||
| 130 | _lFr. | ||
| 035 | _a5130 | ||
| 035 | _a5132 | ||
| 035 | _a5133 | ||
| 035 | _a5135 | ||
| 035 | _a5136 | ||
| 035 | _a5137 | ||
| 035 | _a5139 | ||
| 250 | _a2e éd. | ||
| 999 |
_c12142 _d12142 |
||